Top 10 Wide Receivers of all Time - Statistics

General Stats
  • This quiz has been taken 60 times
  • The average score is 6 of 10
Answer Stats
Team(s) Answer % Correct
49ers, Raiders, Seahawks Jerry Rice
96%
Lions Calvin Johnson
92%
Cardinals Larry Fitzgerald
84%
Vikings, Raiders, Patriots, Titans, 49ers Randy Moss
78%
49ers, Eagles, Cowboys, Bills, Bengals Terrell Owens
78%
Colts Marvin Harrison
71%
Seahawks Steve Largent
57%
Chargers, Cowboys Lance Alworth
31%
Packers Don Hutson
29%
Colts Raymond Berry
24%
No matching quizzes found
Score Distribution
Percent of People with Each Score
Percentile by Number Answered
Your Score History
You have not taken this quiz